00302nam a2200121Ia 4500008004100000041000800041082001700049100002500066245002800091250000600119260004700125300000800172210716s2003 xx 000 0 und d aeng a174.936 CHEF aCherunilam, Francis. aBusiness and govenment. a1 aBangalorebHimalaya Publishing Housec2003 a424